Choices in financing health care & old age security : (Record no. 347538)

000 -LEADER
fixed length control field 00852 a2200229 4500
003 - CONTROL NUMBER IDENTIFIER
control field OSt
005 - DATE AND TIME OF LATEST TRANSACTION
control field 20180116182852.0
008 - FIXED-LENGTH DATA ELEMENTS--GENERAL INFORMATION
fixed length control field 160506b xxu||||| |||| 00| 0 eng d
020 ## - INTERNATIONAL STANDARD BOOK NUMBER
International Standard Book Number 0821342843 (paperback)
020 ## - INTERNATIONAL STANDARD BOOK NUMBER
International Standard Book Number 9780821342848 (paperback)
040 ## - CATALOGING SOURCE
Transcribing agency 0
082 04 - DEWEY DECIMAL CLASSIFICATION NUMBER
Classification number 338.4336219897
100 ## - MAIN ENTRY--PERSONAL NAME
Personal name Prescott, Nicholas M.
245 10 - TITLE STATEMENT
Title Choices in financing health care & old age security :
Remainder of title proceedings of a conference sponsored by the institute of policy studies /
Statement of responsibility, etc. Nicholas M. Prescott.
260 ## - PUBLICATION, DISTRIBUTION, ETC.
Place of publication, distribution, etc. [S.l.] :
Name of publisher, distributor, etc. World Bank Publications,
Date of publication, distribution, etc. 1998.
300 ## - PHYSICAL DESCRIPTION
Extent 101 p. ;
Dimensions 27 cm.
490 1# - SERIES STATEMENT
Series statement World bank discussion papers.
700 1# - ADDED ENTRY--PERSONAL NAME
Personal name Prescott, Nicholas M.
830 #0 - SERIES ADDED ENTRY--UNIFORM TITLE
Uniform title World bank discussion papers.
856 40 - ELECTRONIC LOCATION AND ACCESS
Materials specified Amazon.com
Uniform Resource Identifier <a href="http://www.amazon.com/exec/obidos/ASIN/0821342843/chopaconline-20">http://www.amazon.com/exec/obidos/ASIN/0821342843/chopaconline-20</a>
942 ## - ADDED ENTRY ELEMENTS (KOHA)
Institution code [OBSOLETE] NBS
Koha item type Book
Call number prefix 338.433621 CHO
Source of classification or shelving scheme
Holdings
Withdrawn status Lost status Damaged status Not for loan Permanent Location Current Location Date acquired Total Checkouts Full call number Barcode Date last seen Date last checked out Price effective from Koha item type
        Central Library (CL) Central Library (CL) 08/28/2013 1 338.433621 CHO NBS1839 11/22/2017 08/09/2017 08/28/2013 Book
© 2023 Central Library, National University of Sciences and Technology. All Rights Reserved.